000 00354 a2200145 4500
001 169021
020 _a
040 _cMagnum
100 _aCavalcanti, Lana de Souza
240 1 0 _aGeografia, escola e construcao de conhecimentos
_lpor
245 1 0 _aGeografia, escola e construcao de conhecimentos
362 0 _a1899
697 _aGERAL
942 _cBK
999 _c169021
_d169021